Pastoral advice to young persons before confirmation.

Bibliographic Details
Main Author: Adams, William, 1706-1789
Corporate Author: Gale (Firm)
Format: eBook
Language:English
Published: London : Printed for F. and C. Rivington, booksellers to the Society for Promoting Christian Knowledge, No. 62, St. Paul's Church-Yard, 1799.
Edition:A new edition.
Subjects:
Online Access:Connect to the full text of this electronic book

MARC

Tag First Indicator Second Indicator Subfields
LEADER 00000cam a2200000 4500
001 in00003872049
005 20190415192103.0
006 m o d
007 cr |n||||||||n
008 791208s1799 enk|||| o 00| ||eng c
035 |a (CU-RivES)T79702 
035 |a (Uk-ES)006350404 
035 |a (OCoLC)508766033 
040 |a Uk-ES  |c Uk-ES  |d CU-RivES  |d CStRLIN  |d CU-RivES  |d Cengage Gale  |d UtOrBLW 
050 4 |a AC4  |b .A336 1799 
100 1 |a Adams, William,  |d 1706-1789.  |0 http://id.loc.gov/authorities/names/n84213388 
245 1 0 |a Pastoral advice to young persons before confirmation. 
250 |a A new edition. 
264 1 |a London :  |b Printed for F. and C. Rivington, booksellers to the Society for Promoting Christian Knowledge, No. 62, St. Paul's Church-Yard,  |c 1799. 
300 |a 1 online resource (23, 1 unnumbered pages)  
336 |a text  |b txt  |2 rdacontent 
337 |a computer  |b c  |2 rdamedia 
338 |a online resource  |b cr  |2 rdacarrier 
500 |a Anonymous. By William Adams. 
500 |a Also issued as part of: 'Religious tracts, dispersed by the Society for Promoting Christian Knowledge', 1800, volumeII. 
500 |a Price in square brackets: (Price 2d. or 12s. per Hundred.) 
510 4 |a English Short Title Catalog,  |c T79702. 
500 |a Reproduction of original from British Library. 
500 |a Electronic resource. 
650 0 |a Pastoral theology.  |0 http://id.loc.gov/authorities/subjects/sh85098604 
655 7 |a Electronic books.  |2 local 
710 2 |a Gale (Firm)  |0 http://id.loc.gov/authorities/names/no2008071348 
752 |a Great Britain  |b England  |d London. 
856 4 0 |u http://proxy.library.tamu.edu/login?url=http://find.galegroup.com/ecco/infomark.do?contentSet=ECCOArticles&docType=ECCOArticles&bookId=1400401000&type=getFullCitation&tabID=T001&prodId=ECCO&docLevel=TEXT_GRAPHICS&version=1.0&source=library&userGroupName=txshracd2898  |z Connect to the full text of this electronic book  |t 0 
999 f f |s 22afd4e7-b3fe-34ed-aedc-9ad6768d72c7  |i e0a6d38a-4338-3cf6-9460-6352327d6c24  |t 0 
952 f f |a Texas A&M University  |b College Station  |c Electronic Resources  |d Available Online  |t 0  |e AC4 .A336 1799  |h Library of Congress classification 
998 f f |a AC4 .A336 1799  |t 0  |l Available Online